[Event "Hoogeveen Unive op"]
[Site "Hoogeveen"]
[Date "2010.10.23"]
[Round "2"]
[White "Naroditsky, Daniel"]
[Black "Kempinski, Robert"]
[Result "0-1"]
[WhiteElo "2425"]
[BlackElo "2615"]
[PlyCount "168"]
[EventDate "2010.10.22"]
[EventType "swiss"]
[EventRounds "9"]
[EventCountry "NED"]
[SourceTitle "OM OTB B 201907"]
[Source "Opening Master"]
[SourceDate "2019.07.06"]
[SourceVersion "2"]
[SourceVersionDate "2019.07.06"]
[SourceQuality "1"]

1. e4 c5 2. Nf3 d6 3. d4 cxd4 4. Nxd4 Nf6 5. Nc3 Nc6 6. Be2 e5 7. Nf3 h6 8. O-O
Be7 9. Re1 O-O 10. Bf1 Bg4 11. h3 Bh5 12. g4 Bg6 13. Bg2 Rc8 14. Nd2 Nd4 15.
Nb3 d5 16. Nxd4 exd4 17. Qxd4 Bc5 18. Qd2 dxe4 19. Qxd8 Rfxd8 20. g5 hxg5 21.
Bxg5 Bd4 22. Rad1 Bxc3 23. Rxd8+ Rxd8 24. bxc3 Rc8 25. h4 Nd5 26. h5 Bf5 27. f3
Nxc3 28. fxe4 Bg4 29. e5 Ne2+ 30. Kf2 Rxc2 31. Bxb7 Nd4+ 32. Ke3 Ne6 33. Bh4
Rxa2 34. h6 Rh2 35. Bg3 Rxh6 36. Ra1 Nc5 37. Rxa7 Nxb7 38. Rxb7 g5 39. Kf2 Ra6
40. Kg2 Be6 41. Rb2 Kg7 42. Rf2 Kg6 43. Rd2 Ra3 44. Bf2 Kf5 45. Bg3 Rb3 46. Bh2
Rb5 47. Bg3 Bd5+ 48. Kh2 Bf3 49. Kg1 Be4 50. Kf2 Rb3 51. Re2 Bd3 52. Re1 Rb2+
53. Ke3 Ba6 54. Rg1 Re2+ 55. Kd4 Rd2+ 56. Ke3 Rd3+ 57. Kf2 Bb7 58. Ke2 Rb3 59.
Kf2 Kg4 60. Bh2+ Kh4 61. e6 fxe6 62. Be5 Rf3+ 63. Ke2 g4 64. Rh1+ Kg5 65. Rh8
Ba6+ 66. Kd2 Rd3+ 67. Kc2 Rd5 68. Rg8+ Kf5 69. Bg3 Be2 70. Rf8+ Kg6 71. Rf2
Bd3+ 72. Kd2 Bf5+ 73. Ke2 Ra5 74. Bf4 Ra3 75. Rg2 Kf6 76. Rg3 Ra2+ 77. Bd2 e5
78. Rb3 Be6 79. Rc3 Bd5 80. Ke3 g3 81. Be1 g2 82. Bh4+ Kf5 83. Rc1 Kg4 84. Bf6
Bf3 0-1

[Event "COPA "]
[Site "?"]
[Date "2010.10.17"]
[Round "4.1"]
[White "Sanchez, Victor Hugo"]
[Black "Vacca, Leonardo"]
[Result "0-1"]
[WhiteElo "2293"]
[BlackElo "2043"]
[PlyCount "70"]
[EventDate "2010.10.16"]
[EventRounds "7"]
[EventCountry "COL"]
[SourceTitle "OM OTB B 201907"]
[Source "Opening Master"]
[SourceDate "2019.07.06"]
[SourceVersion "2"]
[SourceVersionDate "2019.07.06"]
[SourceQuality "1"]

1. e4 c5 2. Nf3 Nc6 3. d4 cxd4 4. Nxd4 Nf6 5. Nc3 d6 6. Be2 e5 7. Nb3 Be6 8. f4
exf4 9. Bxf4 Be7 10. O-O O-O 11. Kh1 Ne5 12. Nd4 Re8 13. Bb5 Ned7 14. Nxe6 fxe6
15. Bxd6 Qb6 16. e5 Bxd6 17. exf6 Nxf6 18. Bxe8 Rxe8 19. Rb1 Bb8 20. Qf3 Qb4
21. a3 Qh4 22. g3 Qh3 23. Ne4 Be5 24. Rbd1 Bxb2 25. Nxf6+ Bxf6 26. Qxb7 h5 27.
Rf4 e5 28. Ra4 Qf5 29. Qe4 Qf2 30. Qc4+ Kh8 31. Rf1 Qd2 32. Qf7 Rd8 33. Qxh5+
Kg8 34. Rxf6 Qd1+ 35. Kg2 Qxh5 0-1

[Event "Tournament \"]
[Site "Striy (Ukraine)"]
[Date "2010.10.16"]
[Round "9"]
[White "Ritenko, Vsevolod"]
[Black "Arakelyan, Karpo"]
[Result "1-0"]
[WhiteElo "2130"]
[BlackElo "2076"]
[PlyCount "51"]
[EventDate "2010.??.??"]
[EventRounds "11"]
[SourceTitle "OM OTB B 201907"]
[Source "Opening Master"]
[SourceDate "2019.07.06"]
[SourceVersion "2"]
[SourceVersionDate "2019.07.06"]
[SourceQuality "1"]

1. e4 c5 2. Nf3 d6 3. d4 cxd4 4. Nxd4 Nf6 5. Nc3 Nc6 6. Be2 e5 7. Nb3 a5 8. a4
Nb4 9. Be3 Be7 10. O-O O-O 11. f4 exf4 12. Bxf4 Be6 13. Nd4 Qb6 14. Kh1 d5 15.
Nf5 Bc5 16. Nxg7 Kxg7 17. Be5 Be7 18. exd5 Rfd8 19. Qc1 Nbxd5 20. Nxd5 Rxd5 21.
Qg5+ Kf8 22. Qh6+ Ke8 23. Bxf6 Bxf6 24. Qxf6 Qd4 25. Bb5+ Bd7 26. Rae1+ 1-0

[Event "League division B2"]
[Site "http://gameknot.com/chess.pl?"]
[Date "2010.10.10"]
[Round "?"]
[White "Docjan"]
[Black "Yatsyshin"]
[Result "0-1"]
[WhiteElo "2116"]
[BlackElo "2187"]
[PlyCount "134"]
[EventDate "2010.??.??"]

1. e4 c5 2. Nf3 d6 3. d4 cxd4 4. Nxd4 Nf6 5. Nc3 Nc6 6. Be2 e5 7. Ndb5 a6 8.
Na3 b5 9. Nd5 Nxe4 10. O-O Be7 11. c4 b4 12. Nc2 Rb8 13. Bf3 Nc5 14. Be3 O-O
15. Qd2 b3 16. Ncb4 Nxb4 17. Nxb4 e4 18. Bd1 Bb7 19. Bxb3 Bf6 20. Rfd1 Be5 21.
Rab1 Qh4 22. g3 Qg4 23. Bc2 f5 24. Nd5 Ne6 25. Re1 f4 26. Bd1 Qg5 27. Ba7 e3
28. Rxe3 fxe3 29. Bxe3 Qd8 30. Bg4 Nc5 31. f4 Bf6 32. b4 Bxd5 33. Qxd5+ Kh8 34.
Bf2 Re8 35. Bf3 Qc8 36. Kg2 Qe6 37. Qxe6 Nxe6 38. Rb3 Nd4 39. Bxd4 Bxd4 40. Rd3
Bf6 41. a3 Rb6 42. h4 g6 43. Kf2 Kg7 44. Bg2 h5 45. Bf3 Re7 46. Bg2 Bb2 47. Bf3
Kf7 48. Bd5+ Ke8 49. Kf1 Kd7 50. Rb3 Bc1 51. Kf2 Rb8 52. b5 Kc7 53. a4 a5 54.
Rc3 Bd2 55. Rd3 Bb4 56. Kf3 Rf8 57. Bc6 Re1 58. Re3 Rxe3+ 59. Kxe3 Be1 60. Kf3
Kb6 61. Bd5 Kc5 62. Be4 Rf6 63. Bd5 Bc3 64. Ke4 Rf8 65. Kf3 Bd4 66. Be4 Rf6 67.
Bd5 Kb4 0-1

[Event "NOR-chT Clubs"]
[Site "Drammen"]
[Date "2010.10.08"]
[Round "1.65"]
[White "Mikalsen, Erlend"]
[Black "Daskevics, Vadims"]
[Result "0-1"]
[WhiteElo "1931"]
[BlackElo "2379"]
[PlyCount "78"]
[EventDate "2010.10.08"]
[EventType "team"]
[EventRounds "6"]
[EventCountry "NOR"]
[SourceTitle "OM OTB B 201907"]
[Source "Opening Master"]
[SourceDate "2019.07.06"]
[SourceVersion "2"]
[SourceVersionDate "2019.07.06"]
[SourceQuality "1"]

1. e4 c5 2. Nf3 Nc6 3. d4 cxd4 4. Nxd4 Nf6 5. Nc3 d6 6. Be2 e5 7. Nb3 Be7 8.
Be3 a5 9. a4 O-O 10. g4 Nb4 11. g5 Ne8 12. Qd2 Be6 13. O-O-O Nc7 14. f4 Rc8 15.
Nxa5 Nb5 16. Bxb5 Qxa5 17. f5 Bc4 18. Bxc4 Rxc4 19. Kb1 Rfc8 20. Nd5 Qxa4 21.
Nxb4 Rxb4 22. c3 Rxe4 23. g6 Qb3 24. gxh7+ Kh8 25. Rhg1 Ra8 26. Qg2 Qa2+ 27.
Kc2 Qa4+ 28. Kb1 Bf6 29. Bh6 Kxh7 30. Rxd6 Qa2+ 31. Kc2 Qc4 32. Bd2 Re2 33.
Qh3+ Kg8 34. Rg4 e4 35. Rxf6 Qa4+ 36. Kc1 Qa1+ 37. Kc2 Rxd2+ 38. Kxd2 Qxb2+ 39.
Kd1 Ra1# 0-1

[Event "Tatry op"]
[Site "Tatranske Zruby"]
[Date "2010.10.04"]
[Round "3"]
[White "Koval, Anton"]
[Black "Vermirovsky, Vlastimil"]
[Result "1-0"]
[WhiteElo "2156"]
[BlackElo "2018"]
[PlyCount "59"]
[EventDate "2010.10.02"]
[EventType "swiss"]
[EventRounds "9"]
[EventCountry "SVK"]
[SourceTitle "OM OTB B 201907"]
[Source "Opening Master"]
[SourceDate "2019.07.06"]
[SourceVersion "2"]
[SourceVersionDate "2019.07.06"]
[SourceQuality "1"]

1. e4 c5 2. Nf3 d6 3. d4 cxd4 4. Nxd4 Nf6 5. Nc3 Nc6 6. Be2 e5 7. Nb3 Be7 8.
O-O a5 9. a4 O-O 10. f4 Nb4 11. Kh1 Qb6 12. f5 Bd7 13. Nd5 Nfxd5 14. exd5 Rac8
15. c3 Na6 16. Nd2 Nc5 17. Nc4 Qc7 18. Ne3 Bg5 19. f6 Bxf6 20. Rxf6 gxf6 21.
Bg4 Ne4 22. Qf3 Ng5 23. Qxf6 Qd8 24. Qh6 Bxg4 25. Nxg4 f6 26. Be3 Ne4 27. Rf1
Qe7 28. Qh4 Qg7 29. Nh6+ Kh8 30. Qxe4 1-0

[Event "Khanty-Mansiysk ol (Women) 39th"]
[Site "Khanty-Mansiysk"]
[Date "2010.10.01"]
[Round "10.34"]
[White "Figueroa, Julissa"]
[Black "Stojkovska, Monika"]
[Result "0-1"]
[WhiteElo "1792"]
[BlackElo "1928"]
[PlyCount "88"]
[EventDate "2010.09.21"]
[EventType "team-swiss"]
[EventRounds "11"]
[EventCountry "RUS"]
[SourceTitle "OM OTB B 201907"]
[Source "Opening Master"]
[SourceDate "2019.07.06"]
[SourceVersion "2"]
[SourceVersionDate "2019.07.06"]
[SourceQuality "1"]

1. e4 c5 2. Nf3 d6 3. d4 cxd4 4. Nxd4 Nf6 5. Nc3 Nc6 6. Be2 e5 7. Nb3 Be7 8.
O-O O-O 9. Kh1 Be6 10. f4 a5 11. a4 Nb4 12. Bf3 Qc7 13. Be3 Rfd8 14. f5 Bc4 15.
Rf2 d5 16. exd5 Nbxd5 17. Bxd5 Bxd5 18. Nxd5 Nxd5 19. Bd2 Qb6 20. Qf3 e4 21.
Bxa5 exf3 22. Bxb6 Nxb6 23. gxf3 Rxa4 24. Rg1 Rf4 25. Rfg2 Bf8 26. Na5 Rb8 27.
Nb3 Rxf5 28. Nd4 Rd5 29. c3 g6 30. Nb3 Rbd8 31. Re2 Nc4 32. Rg4 Ne5 33. Rf4 f5
34. Nd4 Kf7 35. Rh4 h6 36. Rh3 Nc6 37. f4 Nxd4 38. cxd4 Rxd4 39. Rb3 R8d7 40.
Rf2 Bd6 41. Rbf3 Rd1+ 42. Kg2 Bc5 43. Rc2 R7d2+ 44. Rxd2 Rxd2+ 0-1

[Event "Khanty-Mansiysk ol (Women) 39th"]
[Site "Khanty-Mansiysk"]
[Date "2010.10.01"]
[Round "10.10"]
[White "Franco Valencia, Angela Maria"]
[Black "Nguyen, Thi Thanh An"]
[Result "1-0"]
[WhiteElo "2148"]
[BlackElo "2306"]
[PlyCount "107"]
[EventDate "2010.09.21"]
[EventType "team-swiss"]
[EventRounds "11"]
[EventCountry "RUS"]
[SourceTitle "OM OTB B 201907"]
[Source "Opening Master"]
[SourceDate "2019.07.06"]
[SourceVersion "2"]
[SourceVersionDate "2019.07.06"]
[SourceQuality "1"]

1. e4 c5 2. Nf3 Nc6 3. d4 cxd4 4. Nxd4 Nf6 5. Nc3 d6 6. Be2 e5 7. Nf3 h6 8. O-O
Be7 9. Re1 O-O 10. h3 Be6 11. Bf1 Nb8 12. a4 Qc7 13. a5 Rc8 14. Bd2 Nbd7 15. a6
b6 16. Bb5 Nf8 17. Ba4 Bc4 18. Nb5 Qd7 19. Nc3 b5 20. Bb3 Qc6 21. Bxc4 bxc4 22.
Be3 Nxe4 23. Nxe4 Qxe4 24. Bg5 Qxe1+ 25. Qxe1 hxg5 26. h4 gxh4 27. Qe4 Rab8 28.
Ra2 g5 29. Qe3 g4 30. Qxa7 Ng6 31. Nh2 g3 32. Ng4 c3 33. b3 Rxb3 34. cxb3 c2
35. Rxc2 Rxc2 36. fxg3 hxg3 37. Kf1 Nf4 38. Ke1 Bg5 39. Kd1 Ra2 40. Qb8+ Kh7
41. Qf8 Kg6 42. Qg8+ Kf5 43. Ne3+ Ke4 44. Nc2 Rxa6 45. Qxg5 Nxg2 46. Qxg3 Nf4
47. Qg7 Ra7 48. Qh7+ Kd5 49. Kd2 Ke6 50. Qg8 Nd5 51. Qb8 Rd7 52. b4 f5 53. b5
Rg7 54. b6 1-0

[Event "Khanty-Mansiysk ol (Men) 39th"]
[Site "Khanty-Mansiysk"]
[Date "2010.09.30"]
[Round "9.4"]
[White "Hoogendijk, Cornelis Willem"]
[Black "Singh, Ravishen"]
[Result "0-1"]
[WhiteElo "1889"]
[BlackElo "2089"]
[PlyCount "102"]
[EventDate "2010.09.21"]
[EventType "team-swiss"]
[EventRounds "11"]
[EventCountry "RUS"]
[SourceTitle "OM OTB B 201907"]
[Source "Opening Master"]
[SourceDate "2019.07.06"]
[SourceVersion "2"]
[SourceVersionDate "2019.07.06"]
[SourceQuality "1"]

1. e4 c5 2. Nf3 Nc6 3. d4 cxd4 4. Nxd4 Nf6 5. Nc3 d6 6. Be2 e5 7. Nb3 Be7 8.
Bg5 Be6 9. O-O a5 10. Bxf6 Bxf6 11. Nd5 a4 12. Nc1 O-O 13. Nxf6+ Qxf6 14. Qxd6
Rfd8 15. Qc5 Nd4 16. c3 Rac8 17. Qa5 Nxe2+ 18. Nxe2 Bc4 19. Rfe1 Rd2 20. Qxa4
Bxe2 21. Qb4 Bb5 22. f3 Qb6+ 23. Kh1 Qf2 24. Rg1 Rxb2 25. Qe7 h5 26. Qxb7 Rxc3
27. Qb8+ Kh7 28. Qxe5 Rc5 29. Qf4 f6 30. a4 Rg5 31. Qxg5 fxg5 32. axb5 Rxb5 33.
Rgf1 Qd4 34. Rad1 Qe5 35. h3 Rb2 36. Rd5 Qg3 37. Rg1 Rf2 38. Rd3 g4 39. Rd5 g6
40. fxg4 hxg4 41. Rg5 Rf4 42. Ra1 Rxe4 43. Rxg4 Rxg4 44. hxg4 Qxg4 45. Rf1 Kh6
46. Rf3 g5 47. Rd3 Qb4 48. Rf3 g4 49. Re3 Kg5 50. Re8 g3 51. Rg8+ Kf4 0-1

[Event "Magistral"]
[Site "?"]
[Date "2010.09.30"]
[Round "1.1"]
[White "Paveto, Kevin"]
[Black "Delgado Ramirez, Neuris"]
[Result "0-1"]
[WhiteElo "2256"]
[BlackElo "2606"]
[PlyCount "71"]
[EventDate "2010.??.??"]
[SourceTitle "OM OTB B 201907"]
[Source "Opening Master"]
[SourceDate "2019.07.06"]
[SourceVersion "2"]
[SourceVersionDate "2019.07.06"]
[SourceQuality "1"]

1. e4 c5 2. Nf3 Nc6 3. d4 cxd4 4. Nxd4 Nf6 5. Nc3 d6 6. Be2 e5 7. Nb3 Be7 8.
O-O O-O 9. f4 a5 10. a4 Nb4 11. Kh1 Be6 12. f5 Bd7 13. Bf3 d5 14. Nxd5 Nfxd5
15. c3 Nf6 16. cxb4 axb4 17. a5 Bb5 18. Be3 Bxf1 19. Qxf1 Qd7 20. Nd2 Rad8 21.
Nc4 Qb5 22. b3 Bc5 23. Bg5 Bd4 24. Rb1 Qa6 25. Qe1 h6 26. Bd2 Bc5 27. Qg3 Rfe8
28. Bxh6 Nh5 29. Bxh5 Qxh6 30. Bf3 Rd3 31. h3 Rxb3 32. Rd1 Rc3 33. Nxe5 Bd6 34.
Rxd6 Qxd6 35. f6 g6 36. Bg4 0-1

[Event "Khanty-Mansiysk ol (Women) 39th"]
[Site "Khanty-Mansiysk"]
[Date "2010.09.29"]
[Round "8.26"]
[White "Stojanovic, Marija R"]
[Black "Novkovic, Julia"]
[Result "0-1"]
[WhiteElo "2112"]
[BlackElo "2134"]
[PlyCount "78"]
[EventDate "2010.09.21"]
[EventType "team-swiss"]
[EventRounds "11"]
[EventCountry "RUS"]
[SourceTitle "OM OTB B 201907"]
[Source "Opening Master"]
[SourceDate "2019.07.06"]
[SourceVersion "2"]
[SourceVersionDate "2019.07.06"]
[SourceQuality "1"]

1. e4 c5 2. Nf3 Nc6 3. d4 cxd4 4. Nxd4 Nf6 5. Nc3 d6 6. Be2 e5 7. Nb3 Be7 8.
O-O O-O 9. Bf3 a5 10. a4 Nb4 11. Be3 Be6 12. Rc1 Rc8 13. Nd5 Nfxd5 14. exd5 Bd7
15. c3 Na6 16. Be2 Bxa4 17. Ra1 Qd7 18. f4 Bxb3 19. Qxb3 Nc5 20. Bxc5 Rxc5 21.
fxe5 dxe5 22. c4 f5 23. Ra4 Rf6 24. Rfa1 Bd8 25. Qc3 Bb6 26. Kh1 Rc8 27. Bf1
Qe7 28. Re1 e4 29. Rea1 Qc5 30. Be2 Rg6 31. Qe1 Qd6 32. b4 Bd4 33. Rd1 Qe5 34.
Rxa5 b6 35. Ra3 f4 36. Qd2 Qg5 37. Bf1 Be3 38. Rxe3 fxe3 39. Qe2 Rf6 0-1

[Event "Khanty-Mansiysk ol (Women) 39th"]
[Site "Khanty-Mansiysk"]
[Date "2010.09.27"]
[Round "6.34"]
[White "Gutierrez Salazar, Leonela"]
[Black "Nguyen, Thi Thanh An"]
[Result "0-1"]
[WhiteElo "2062"]
[BlackElo "2306"]
[PlyCount "118"]
[EventDate "2010.09.21"]
[EventType "team-swiss"]
[EventRounds "11"]
[EventCountry "RUS"]
[SourceTitle "OM OTB B 201907"]
[Source "Opening Master"]
[SourceDate "2019.07.06"]
[SourceVersion "2"]
[SourceVersionDate "2019.07.06"]
[SourceQuality "1"]

1. e4 c5 2. Nf3 d6 3. d4 cxd4 4. Nxd4 Nf6 5. Nc3 Nc6 6. Be2 e5 7. Nb3 Be7 8.
O-O O-O 9. Be3 a5 10. a4 Be6 11. Bf3 Nb4 12. Qe2 Qc7 13. Rfd1 Rfd8 14. Bg5 h6
15. Bxf6 Bxf6 16. Rac1 Bc4 17. Nb5 Bxe2 18. Nxc7 Bxd1 19. Rxd1 Rac8 20. Nb5 b6
21. c3 Na6 22. Nxd6 Rc6 23. Nb5 Rxd1+ 24. Bxd1 Rc8 25. Be2 Rd8 26. Kf1 Be7 27.
Ke1 Kf8 28. Bc4 Nc5 29. Nxc5 Bxc5 30. b3 g6 31. Nc7 Kg7 32. Bb5 h5 33. Ke2 Kh6
34. Bc4 Rc8 35. Nb5 f5 36. Bd5 Kg5 37. c4 h4 38. Nc3 Rf8 39. exf5 gxf5 40. Bc6
Rc8 41. Bd5 Rd8 42. Nb5 Rd7 43. Nc3 Bb4 44. Na2 Rg7 45. Nc1 Kf6 46. Nd3 Bd6 47.
g3 Rh7 48. Ne1 hxg3 49. hxg3 e4 50. g4 Rh2 51. gxf5 Kxf5 52. Kf1 Bc5 53. Ng2
Ke5 54. Kg1 Rh3 55. Bc6 Rxb3 56. Nh4 Rb2 57. Ng6+ Kf5 58. Nh4+ Kg4 59. Ng6 Rxf2
0-1

[Event "FICS rated standard game"]
[Site "FICS freechess.org"]
[Date "2010.09.26"]
[Round "?"]
[White "CrocodilG"]
[Black "AMAVABEL"]
[Result "1-0"]
[WhiteElo "2190"]
[BlackElo "2038"]
[PlyCount "69"]
[EventDate "2010.??.??"]

1. e4 c5 2. Nf3 Nc6 3. d4 cxd4 4. Nxd4 Nf6 5. Nc3 d6 6. Be2 e5 7. Nf3 h6 8. O-O
Be7 9. Re1 O-O 10. h3 Be6 11. Bf1 Qb6 12. Nd5 Bxd5 13. exd5 Nb4 14. c4 Rac8 15.
a3 Na6 16. b4 Qd8 17. Be3 b6 18. Qa4 Nb8 19. Qxa7 b5 20. cxb5 Nxd5 21. Rac1 e4
22. Nd4 Rxc1 23. Bxc1 Bg5 24. Bxg5 Qxg5 25. Rxe4 Nf4 26. g3 Nd5 27. b6 Nc3 28.
Re3 Nd1 29. Rf3 Qe5 30. Nf5 Nc6 31. Qc7 Nd8 32. Ne7+ Kh8 33. Ng6+ fxg6 34.
Rxf8+ Kh7 35. Qxd8 1-0

[Event "FICS rated standard game"]
[Site "FICS freechess.org"]
[Date "2010.09.26"]
[Round "?"]
[White "DisasterMaster"]
[Black "ArnetPunk"]
[Result "0-1"]
[WhiteElo "2014"]
[BlackElo "2333"]
[PlyCount "34"]
[EventDate "2010.??.??"]

1. e4 c5 2. Nf3 d6 3. d4 cxd4 4. Nxd4 Nf6 5. Nc3 Nc6 6. Be2 e5 7. Nb3 Be7 8.
Be3 O-O 9. f3 Be6 10. Qd2 a5 11. a4 Nb4 12. O-O d5 13. exd5 Nfxd5 14. Nxd5 Nxd5
15. Bf2 Qc7 16. Rfc1 Rfd8 17. Qe1 Bg5 0-1

[Event "Khanty-Mansiysk ol (Women) 39th"]
[Site "Khanty-Mansiysk"]
[Date "2010.09.25"]
[Round "5.10"]
[White "Kopinits, Anna Christina"]
[Black "Zawadzka, Jolanta"]
[Result "0-1"]
[WhiteElo "2210"]
[BlackElo "2410"]
[PlyCount "152"]
[EventDate "2010.09.21"]
[EventType "team-swiss"]
[EventRounds "11"]
[EventCountry "RUS"]
[SourceTitle "OM OTB B 201907"]
[Source "Opening Master"]
[SourceDate "2019.07.06"]
[SourceVersion "2"]
[SourceVersionDate "2019.07.06"]
[SourceQuality "1"]

1. e4 c5 2. Nf3 d6 3. d4 cxd4 4. Nxd4 Nf6 5. Nc3 Nc6 6. Be2 e5 7. Nf3 h6 8. O-O
Be7 9. Re1 O-O 10. h3 Be6 11. Bf1 Nb8 12. b3 a6 13. a4 Nbd7 14. a5 Rc8 15. Bb2
Re8 16. Nd2 Rc5 17. Na4 Rc8 18. Nc3 Nc5 19. Nc4 Nfxe4 20. Nxe4 Nxe4 21. Rxe4 d5
22. Rxe5 dxc4 23. Rxe6 fxe6 24. Bxc4 Bf6 25. Bxf6 Qxf6 26. Ra4 Rcd8 27. Qe2 Re7
28. Bd3 Rd4 29. Rxd4 Qxd4 30. Kh2 Qc5 31. Qe1 Kf7 32. Kg1 Qd4 33. Kh2 Rd7 34.
Qe2 Ke7 35. Bc4 Qd6+ 36. g3 Kd8 37. Bd3 Rf7 38. Qe1 Kc7 39. Be4 Kb8 40. Kg2 Qd4
41. Bg6 Rf6 42. Bd3 e5 43. Be4 Rd6 44. h4 Rd7 45. Bd3 Rc7 46. b4 Rc3 47. f3 Ra3
48. h5 Ra4 49. b5 axb5 50. Bxb5 Ra1 51. Qe2 Rxa5 52. Bd3 Ra1 53. Be4 Qd1 54.
Qxd1 Rxd1 55. Kh3 Kc7 56. Kg4 Rg1 57. f4 exf4 58. Kxf4 b6 59. g4 Kd6 60. Bf5
Ke7 61. Ke5 Re1+ 62. Kd5 Kf6 63. c4 Re5+ 64. Kd6 Rc5 65. Be6 Kg5 66. Ke7 b5 67.
cxb5 Rxb5 68. Kf7 Rb7+ 69. Kg8 Kf6 70. Bf5 Rb5 71. Bd7 Rg5 72. Kh7 Ke5 73. Bc8
Kf4 74. Bf5 Rxf5 75. gxf5 Kxf5 76. Kxg7 Ke5 0-1

[Event "I Torneo Cittŕ di"]
[Site "Biella ITA"]
[Date "2010.09.25"]
[Round "2.24"]
[White "Burani, Eugenio"]
[Black "Gemelli, Giovanni"]
[Result "1-0"]
[WhiteElo "1899"]
[BlackElo "1500"]
[PlyCount "45"]
[EventDate "2010.09.24"]
[EventRounds "5"]
[EventCountry "ITA"]
[SourceTitle "OM OTB B 201907"]
[Source "Opening Master"]
[SourceDate "2019.07.06"]
[SourceVersion "2"]
[SourceVersionDate "2019.07.06"]
[SourceQuality "1"]

1. e4 c5 2. Nf3 Nc6 3. d4 cxd4 4. Nxd4 Nf6 5. Nc3 d6 6. Be2 e5 7. Nb3 Be7 8.
Be3 O-O 9. O-O Nb8 10. h3 Be6 11. Qe1 Nbd7 12. Rd1 Nb6 13. Nc5 Qc8 14. Nxe6
fxe6 15. f4 exf4 16. Bxf4 d5 17. e5 Qc5+ 18. Kh1 Nfd7 19. Qg3 Kh8 20. Qg4 Rae8
21. Bd3 a6 22. Qh5 g6 23. Bxg6 1-0

[Event "Khanty-Mansiysk ol (Women) 39th"]
[Site "Khanty-Mansiysk"]
[Date "2010.09.24"]
[Round "4.13"]
[White "Isgandarova, Khayala Ilqar Qizi"]
[Black "Machalova, Veronika"]
[Result "1-0"]
[WhiteElo "2172"]
[BlackElo "2229"]
[PlyCount "77"]
[EventDate "2010.09.21"]
[EventType "team-swiss"]
[EventRounds "11"]
[EventCountry "RUS"]
[SourceTitle "OM OTB B 201907"]
[Source "Opening Master"]
[SourceDate "2019.07.06"]
[SourceVersion "2"]
[SourceVersionDate "2019.07.06"]
[SourceQuality "1"]

1. e4 c5 2. Nf3 d6 3. d4 cxd4 4. Nxd4 Nf6 5. Nc3 Nc6 6. Be2 e5 7. Nb3 Be6 8.
O-O a6 9. f4 b5 10. a4 bxa4 11. Rxa4 Qb6+ 12. Kh1 Bd7 13. Ra1 Be7 14. Nd5 Nxd5
15. exd5 Nd4 16. Be3 Bf6 17. fxe5 dxe5 18. Nxd4 exd4 19. Rxf6 Qxf6 20. Bxd4 Qg5
21. Bc5 f6 22. Bc4 Kf7 23. d6+ Kg6 24. b4 Bc6 25. Qd3+ f5 26. Bd5 Bxd5 27. Qxd5
f4 28. Rd1 Qxd5 29. Rxd5 a5 30. b5 a4 31. Ba3 Rhe8 32. Kg1 Re3 33. Bc5 Ree8 34.
d7 Red8 35. Rd3 Kf7 36. Ba3 Ra7 37. Rd4 Rdxd7 38. Rxf4+ Ke6 39. Rc4 1-0

[Event "EU-ch U18"]
[Site "Batumi"]
[Date "2010.09.22"]
[Round "3"]
[White "Bogdanovich, Stanislav"]
[Black "Nikolashvili, Giorgi N"]
[Result "1-0"]
[WhiteElo "2464"]
[BlackElo "2294"]
[PlyCount "79"]
[EventDate "2010.09.20"]
[EventType "swiss"]
[EventRounds "9"]
[EventCountry "GEO"]
[SourceTitle "OM OTB B 201907"]
[Source "Opening Master"]
[SourceDate "2019.07.06"]
[SourceVersion "2"]
[SourceVersionDate "2019.07.06"]
[SourceQuality "1"]

1. e4 c5 2. Nf3 d6 3. d4 cxd4 4. Nxd4 Nf6 5. Nc3 Nc6 6. Be2 e5 7. Nf3 h6 8. O-O
Be7 9. Re1 O-O 10. Bf1 Bg4 11. h3 Bh5 12. b3 Qd7 13. Bb2 Rac8 14. g4 Bg6 15.
Qd2 Bd8 16. a3 Bb6 17. Bg2 Nd4 18. Rac1 Ne6 19. Nh4 h5 20. g5 Nh7 21. Nd5 Bd8
22. Nxg6 fxg6 23. h4 Nc5 24. Qe3 Qf7 25. Bh3 Rc6 26. Rf1 Ne6 27. Kg2 Nf4+ 28.
Nxf4 exf4 29. Qd4 f3+ 30. Kg1 Re8 31. Qd5 Rc5 32. Qxf7+ Kxf7 33. Rfe1 Bxg5 34.
hxg5 Nxg5 35. Kh2 Nxe4 36. Re3 g5 37. Rxf3+ Kg6 38. Re3 d5 39. Bd4 Rc7 40. f3
1-0

[Event "IND-chB 48th"]
[Site "Bhiwani"]
[Date "2010.09.21"]
[Round "8"]
[White "Prathamesh, Sunil Mokal"]
[Black "Mehar, Chinna Reddy CH"]
[Result "1-0"]
[WhiteElo "2408"]
[BlackElo "2338"]
[PlyCount "65"]
[EventDate "2010.09.16"]
[EventType "swiss"]
[EventRounds "13"]
[EventCountry "IND"]
[SourceTitle "OM OTB B 201907"]
[Source "Opening Master"]
[SourceDate "2019.07.06"]
[SourceVersion "2"]
[SourceVersionDate "2019.07.06"]
[SourceQuality "1"]

1. e4 c5 2. Nf3 d6 3. d4 cxd4 4. Nxd4 Nf6 5. Nc3 Nc6 6. Be2 e5 7. Nf3 h6 8. O-O
Be7 9. Re1 O-O 10. h3 Be6 11. Bf1 Nb8 12. a4 Nbd7 13. a5 a6 14. b3 Rc8 15. Bb2
Qc7 16. Nd2 d5 17. exd5 Nxd5 18. Nxd5 Bxd5 19. Nc4 Bxc4 20. Bxc4 Bf6 21. Qg4 e4
22. Rad1 Rcd8 23. Rxe4 Bxb2 24. Re7 Qxa5 25. Rdxd7 Be5 26. g3 Qe1+ 27. Kg2 Rxd7
28. Rxd7 b5 29. Bd5 Qc3 30. Qf5 Bf6 31. Rxf7 Rxf7 32. Qd7 Qd4 33. Bxf7+ 1-0

[Event "EU-ch U12"]
[Site "Batumi"]
[Date "2010.09.21"]
[Round "2"]
[White "Kudelya, Igor"]
[Black "Ghvamberia, Nika"]
[Result "1/2-1/2"]
[WhiteElo "1971"]
[BlackElo "1752"]
[PlyCount "160"]
[EventDate "2010.09.20"]
[EventType "swiss"]
[EventRounds "9"]
[EventCountry "GEO"]
[SourceTitle "OM OTB B 201907"]
[Source "Opening Master"]
[SourceDate "2019.07.06"]
[SourceVersion "2"]
[SourceVersionDate "2019.07.06"]
[SourceQuality "1"]

1. e4 c5 2. Nf3 Nc6 3. d4 cxd4 4. Nxd4 Nf6 5. Nc3 d6 6. Be2 e5 7. Nb3 Be7 8.
O-O O-O 9. Re1 Be6 10. Bf3 Rc8 11. Be3 a6 12. a4 b6 13. Nd5 Bxd5 14. exd5 Na5
15. Nxa5 bxa5 16. Be2 Ra8 17. f3 Qc7 18. c4 Nd7 19. Bd3 Nc5 20. Bc2 Rab8 21. b3
Bh4 22. Re2 Bf6 23. Rb1 g6 24. Qe1 Bg7 25. Bd2 Nb7 26. Qf2 f5 27. Kh1 f4 28.
Qa7 Ra8 29. Bxa5 Qd7 30. Qb6 Bf6 31. Qc7 Qxc7 32. Bxc7 Rfc8 33. Bb6 Nc5 34. Ba5
Bd8 35. Bxd8 Rxd8 36. b4 Nd7 37. a5 Rdb8 38. Bd3 Ra7 39. Reb2 Rab7 40. Kg1 Kf7
41. Kf2 Ke7 42. Ke2 Nc5 43. Bc2 g5 44. Kd2 h5 45. Kc3 Nd7 46. Ba4 g4 47. Bxd7
Kxd7 48. Kd3 Ke7 49. b5 Ra7 50. b6 Rab7 51. Re1 Rc8 52. Kc3 Kf6 53. Kb4 Rg7 54.
Rc2 Rc5 55. Rce2 Rc8 56. Rc1 Rc5 57. Rf1 Rc8 58. g3 Kf5 59. gxf4 exf4 60. fxg4+
hxg4 61. Re6 Rd7 62. Rf2 Kg5 63. Kc3 Rg8 64. Kd4 g3 65. hxg3 fxg3 66. Rg2 Kg4
67. Ree2 Kf3 68. Kd3 Rg4 69. Rb2 Re7 70. b7 Re3+ 71. Kd2 Rd4+ 72. Kc1 Rxc4+ 73.
Kb1 Re8 74. Rgd2 Rb8 75. Rb3+ Ke4 76. Rg2 Kxd5 77. Rgxg3 Rc7 78. Rgd3+ Ke6 79.
Rb6 Rbxb7 80. Rdxd6+ Ke7 1/2-1/2